| 000 | 00651cam a22002413a 4500 | ||
|---|---|---|---|
| 001 | 28486 | ||
| 003 | PGUSA | ||
| 005 | 20140828083620.0 | ||
| 008 | 090403s2009||||xxu|||||s|||||000 1 eng d | ||
| 040 |
_aPGUSA _beng |
||
| 042 | _adc | ||
| 050 | 4 | _aPS | |
| 100 | 1 |
_aCole, Everett B., _d1918-1977 |
|
| 245 | 1 | 4 |
_aThe Weakling _h[electronic resource] / _cEverett B. Cole |
| 260 |
_bProject Gutenberg, _c2009 |
||
| 506 | _aPublic domain in the USA. | ||
| 516 | _aElectronic text | ||
| 653 | _aScience fiction | ||
| 700 | 1 | _aDongen, H. R. van | |
| 830 | 0 |
_aProject Gutenberg _v28486 |
|
| 856 | 4 | 0 | _uhttp://www.gutenberg.org/ebooks/28486 |
| 942 | _cEB | ||
| 999 |
_c257741 _d257741 |
||